| 000 | 01277nam a22001937a 4500 | ||
|---|---|---|---|
| 005 | 20230619113026.0 | ||
| 008 | 230619b ||||| |||| 00| 0 eng d | ||
| 020 | _a9781451188899 | ||
| 050 | _aRB32.S36(5e) | ||
| 100 | _9Schneider, Arthur S. | ||
| 245 |
_aPathology / _cArthur S. Schnieder and Philip A. Szanto . - |
||
| 250 | _a5th ed. | ||
| 260 |
_aNew York: _bLippincott Williams and Milkins, _c2014 |
||
| 300 |
_axiv, 454 p.: _bill.; _c26 cm. |
||
| 500 | _aIncludes Board reviews series and index | ||
| 505 | _aContents: Cellular reaction to injury -- Inflammation -- Thermodynamic dysfunction -- Genetic disorders -- Immune dysfunction -- Neoplasia -- Environmental pathology -- Nutritional disorders -- Vascular system -- The heart -- Anemia -- Neoplastic and proliferative disorders of the hematopoitic and lymphoid systems -- Hemorrhahic disorders -- Respiratory system -- Gastrointestinal tract -- Liver, Gallbladder, and exocrine pancreas -- Kidney and urinary tract -- Male reproductive system -- Female reproductive system and breast -- Endocrine system -- Skin -- Musculoskeletal system -- Nervous system -- Interpretation of diagnostics tests: laboratory statistics. | ||
| 700 |
_aSzanto, Philip A. _91696 |
||
| 942 |
_2lcc _cBK _e5th ed. _hRB32.S36(5e) |
||
| 999 |
_c9733 _d17233 |
||